Oldest Players In A World Cup (Excluding Goalkeepers) - Statistics

General Stats
  • This quiz has been taken 29 times
  • The average score is 2 of 10
Answer Stats
Date Age Player Nation % Correct
28th June 1994 42 Years, 1 Month, 8 Days Roger Milla Cameroon
96%
26th June 1954 39 Years, 4 Months, 25 Days Stanley Matthews England
26%
4th July 2014 38 Years, 5 Months, 21 Days Mario Yepes Colombia
22%
24th June 1958 37 Years, 7 Months, 24 Days Fritz Walter Germany
19%
20th June 2006 37 Years, 10 Months, 18 Days Russell Latapy Trinidad & Tobago
11%
4th July 1994 38 Years, 5 Months, 11 Days Fernando Clavijo USA
4%
29th June 1958 37 Years, 7 Months, 29 Days Gunnar Gren Sweden
4%
6th June 2002 38 Years, 9 Months, 20 Days Jan Heintze Denmark
4%
15th June 1958 39 Years, 8 Months, 18 Days Angel Labruna Argentina
0%
27th June 1994 37 Years, 6 Months, 2 Days Carlos Borja Bolivia
0%
No matching quizzes found
Score Distribution
Percent of People with Each Score
Percentile by Number Answered
Your Score History
You have not taken this quiz